General Knowledge Pictures - Beginning 'S' - Statistics

General Stats
  • This quiz has been taken 122 times
  • The average score is 21 of 28
Answer Stats
Picture Answer % Correct
Saturn
100%
Strawberry
100%
Swan
99%
Squirrel
98%
Steak
97%
Spine
95%
Shoulder
94%
Scorpion
91%
William Shakespeare
91%
Samurai
86%
Sapphire
85%
Sombrero
84%
Sailor
81%
Suez Canal
76%
Saffron
70%
Sicily
69%
Sparrow
69%
Sri Lanka
68%
San Francisco
67%
South Africa
65%
Sweden
65%
Spurs
63%
Stump
63%
Sherpa
51%
Sputnik
49%
Suriname
45%
The Shard
43%
Sugar cane
26%
No matching quizzes found
Score Distribution
Percent of People with Each Score
Percentile by Number Answered
Your Score History
You have not taken this quiz